00380nam a2200109Ia 4500008004100000100002100041245004100062260006400103300001800167650001500185856007000200160712s9999 xx 000 0 und d aBanzon, Isabela. cIsabela BanzonaNo Win-Win Situation c2013bJournal of English Studies and Comparative Literature avol. 13 no. 1 xLITERATURE uhttp://journals.upd.edu.ph/index.php/jescl/issue/view/410/showToc